000 00899nam a2200241 a 4500
001 000023557
005 20250701132841.0
008 101213s2001 ve a r 000 0 spa d
020 _a980317181X
040 _aDO-SdBNP
_bspa
_cBNPHU
041 1 7 _aspa
_halm
_2Código de idioma MARC
082 _a338.9
_bT314d
245 0 1 _aTeoría del desarrollo :
_bnuevos enfoques y problemas /
_cReinold E. Thiel editor ; traducción del alemán, Amparo Alcover.
260 _aCaracas, Venezuela :
_bNueva Sociedad,
_c2001.
300 _a356 p. :
_bil. ;
_c23 cm.
534 _aTítulo original:
_tNeue ansatze zur entwicklungstheorie.
500 _aIncluye referencias bibliográficas y notas al pie de las páginas
650 0 _aDesarrollo económico
_985548
650 4 _aCrecimiento económico
_98530
700 1 _aThiel, Reinold E.
_eed.
_948560
700 1 _aAlcover, Amparo
_etr.
_948561
049 _aBNGR
999 _c23053
_d23053